000 00207 a2200097 4500
020 _a9780439263603
041 _aspa
100 _aMcNulty, Faith
245 _aEl verano que vivi con murcielagos
942 _cBK
999 _c16414
_d16414